000 00612nam a2200241 a 4500
001 nice12345678
003 IN_TiNIC
005 20260116011541.0
008 050524s1948 lona grd 000 0 fre
020 _a
_c100
082 0 0 _a443.21
_bMAN
100 _aMansion, J E
245 _aHarrap`s Standard French and English Dictionary.
260 _aLondon
_bGeorge G.Harrap and Co.
_c1948
300 _a912p
500 _aincludes index and biblioraphy
505 2 _aIllustrations
650 _aDictionary-French-English
700 1 _aMansion, J E
902 _bRHR
942 _cBK
999 _c2553
_d2553